Cuerpos presentes / (Record no. 53065)

MARC details
000 -LEADER
campo de control de longitud fija 00762nam a2200241 i 4500
001 - NÚMERO DE CONTROL
campo de control 53065
003 - IDENTIFICADOR DE NÚMERO DE CONTROL
campo de control ES-MaACL
005 - FECHA Y HORA DE LA ÚLTIMA TRANSACCIÓN
campo de control 20240418104246.0
007 - CAMPO FIJO DE DESCRIPCIÓN FÍSICA--INFORMACIÓN GENERAL
campo de control de longitud fija t|
008 - DATOS DE LONGITUD FIJA--INFORMACIÓN GENERAL
campo de control de longitud fija 031006s2001 sp ||||0| spa j
020 ## - NÚMERO INTERNACIONAL ESTÁNDAR DEL LIBRO
Número Internacional Estándar del Libro 84-95418-18-5
040 ## - FUENTE DE CATALOGACIÓN
Centro catalogador/agencia de origen M-BN
Lengua de catalogación spa
Centro/agencia transcriptor M-BN
080 ## - NÚMERO DE LA CLASIFICACIÓN DECIMAL UNIVERSAL
Número de la Clasificación Decimal Universal 821.134.2-82"19"
100 1# - ENTRADA PRINCIPAL--NOMBRE DE PERSONA
Nombre de persona Aub, Max,
Fechas asociadas al nombre 1903-1972
9 (RLIN) 23783
245 10 - MENCIÓN DEL TÍTULO
Título Cuerpos presentes /
Mención de responsabilidad, etc. Max Aub ; edición, introducción y notas de José-Carlos Mainer.
260 ## - PUBLICACIÓN, DISTRIBUCIÓN, ETC.
Lugar de publicación, distribución, etc. Segorbe :
Nombre del editor, distribuidor, etc. Fundación Max Aub,
Fecha de publicación, distribución, etc. [2001]
300 ## - DESCRIPCIÓN FÍSICA
Extensión 333 p :
Otras características físicas 1 retr. ;
Dimensiones 18 cm.
490 1# - MENCIÓN DE SERIE
Mención de serie Biblioteca "Max Aub" ;
Designación de volumen o secuencia 9
700 1# - ENTRADA AGREGADA--NOMBRE PERSONAL
Nombre de persona Mainer, José-Carlos,
Fechas asociadas al nombre 1944-
9 (RLIN) 75599
830 0# - PUNTO DE ACCESO ADICIONAL DE SERIE-TÍTULO UNIFORME
Título uniforme Biblioteca "Max Aub" ;
Designación de volumen o secuencia 9
9 (RLIN) 191028
852 ## - LOCALIZACIÓN
Ubicación ES-MaACL
Número de control de estantería L-26505
Sublocalización o colección R.132143
Holdings
Estatus retirado Estado de pérdida Estado de daño No para préstamo Biblioteca de origen Biblioteca actual Ubicación en estantería Fecha de adquisición Fuente de adquisición Total de préstamos Signatura topográfica completa Código de barras Visto por última vez Precio de reemplazo Tipo de ítem Koha
        Biblioteca del Ateneo de Madrid Biblioteca del Ateneo de Madrid Depósito 2 17/01/2008     L-26505 1055761 23/02/2023 23/02/2023 Libro impreso